Education : intellectual, moral, and physical /

Bibliographic Details
Main Author: Spencer, Herbert, 1820-1903
Format: Book
Language:English
Published: New York : Hurst & Co., [between 1800 and 1899?]
Subjects:

MARC

Tag First Indicator Second Indicator Subfields
LEADER 00000cam a2200000 4500
001 in00000078586
005 20151008052835.0
008 740917n18001899nyu 00000 eng u
035 |a (OCoLC)01013024 
035 |9 AAH5116AM 
040 |c ITD  |d TXA  |d UtOrBLW 
049 |a TXAM 
090 |a LB675  |b .S7 1800z 
092 |a 370.1  |b S745e 
100 1 |a Spencer, Herbert,  |d 1820-1903. 
245 1 0 |a Education :  |b intellectual, moral, and physical /  |c by Herbert Spencer. 
264 1 |a New York :  |b Hurst & Co.,  |c [between 1800 and 1899?] 
300 |a 309 pages ;  |c 19 cm. 
336 |a text  |b txt  |2 rdacontent 
337 |a unmediated  |b n  |2 rdamedia 
338 |a volume  |b nc  |2 rdacarrier 
650 0 |a Education. 
999 |a MARS 
999 f f |s 53d74402-5b2d-3f53-938b-cbefe3581211  |i 6b64e477-95f3-33a3-b70f-66a3bfbc7058  |t 0 
952 f f |p noncirc  |a Texas A&M University  |b College Station  |c Cushing Memorial Library & Archives  |d Cushing: Rare Books (Does not check out)  |t 0  |e LB675 .S7 1800z  |h Library of Congress classification  |i unmediated -- volume 
998 f f |a LB675 .S7 1800z  |t 0  |l Cushing: Rare Books (Does not check out)